Quizzes
Events
Quiz Creation
Community
Videos
Private Events
Remove Ads
Sign In
Join for FREE
Feedback
Dark Mode
Quiz Categories
Sports
Geography
Music
Movies
Television
Just For Fun
Miscellaneous
History
Literature
Language
Science
Gaming
Entertainment
Religion
Holiday
For Kids
Quiz Lab
Recent
Popular Today
Quiz Kudos Today
Editor Picks
Curator Picks
Quizzes by...
Day
Popularity
Type
Ratings
Length
Year
Community
Subscriptions
Recent Discussions
Orange Saloon
Badges
Playlists
Quests
Create
Leaderboards
Showdown
Live 5
Trivia Bingo
Activity
Puzzle Library
Sporcle Events
Private Events
Virtual Trivia
Globe League
Become a Host
Pub Owners
SporcleCon
Opinionation
Our Games
Videos
Blog
Mobile Apps
Partnerships
Remove Ads and Go Orange
Feedback
Literature
Harry Potter
A Song of Ice and Fire
The Hunger Games
Literary Character
Shakespeare
Book
Author
Novel
Poem
Young Adult
Children's Books
Play
Lord of the Rings
Literature
Harry Potter
A Song of Ice and Fire
The Hunger Games
Literary Character
Shakespeare
Book
Author
Novel
Poem
Young Adult
Children's Books
Play
Lord of the Rings
Random Quiz
Search Sporcle
×
Quiz Lab
Quiz Lab
Literature
Book
Type in answers that appear in a list
Type in answers that appear in a list
Classic
Best Score? Go Orange.
Harry Potter Book Quotes II Stats
Can you name the Harry Potter Book Quotes II?
By
jbouvier
5m
25 Questions
135 Plays
135 Plays
135 Plays
Comments
Comments
Give Quiz Kudos
Give Quiz Kudos
-
- Ratings
hide this ad
More Info
Forced Order
Answers have to be entered in order
Answers have to be entered in order
Replay
Link that replays current quiz
Next Quiz
Link to next quiz in quiz playlist
You Got
0%
They Got
Avg Score
70%
Avg Friend Score
Upgrade to see
Score Distribution
Jump to the score distribution portion of the page
Score
0/25
Timer
05:00
0
Plays Today
Hint
Answer
% Correct
I never saw any part of the castle but the box in which Hagrid kept me.
Aragog
97.8%
I don't go looking for trouble. Trouble usually find me.
Harry Potter
88.1%
This isn't a criticism, Harry! But you do… sort of… I mean… don't you think you've got a bit of a… a… saving people thing?
Hermione Granger
88.1%
We thought you knew what you were doing! We thought Dumbledore had told you what to do, we thought you had a real plan!
Ron Weasley
87.4%
Nooo! Master Barty, Master Barty, what is you saying?
Winky
86.7%
Harry Potter must not go back to Hogwarts.
Dobby
85.9%
Master always liked his little joke. Master was a nasty ungrateful swine who broke his mother’s heart.
Kreacher
84.4%
I would trust Hagrid with my life.
Albus Dumbledore
84.4%
I mean, I am his girlfriend!
Lavender Brown
82.2%
Then you should have died! Died rather than betray your friends, as we would have done for you!
Sirius Black
82.2%
I am what I am, an' I'm not ashamed. 'Never be ashamed,' my 'ol dad used ter say. 'there's some who'll hold it against you, but they're not worth botherin' with.' And he was right.
Rubeus Hagird
80.7%
Oooh, look! A blibbering humdinger.
Luna Lovegood
79.3%
The forest is not safe at this time – especially for you.
Firenze
77.8%
Hint
Answer
% Correct
It'll be down to you, Harry, to show them that a Seeker has to have something more than a rich father. Get to that Snitch before Malfoy or die trying, Harry
Oliver Wood
77.8%
You've never use an Unforgivable Curse before, have you boy? You need to mean them, Potter!
Bellatrix Lestrange
71.9%
This boy needs rest, he's got thirty-
three bones to regrow! Out! OUT!
Madame Pomfrey
68.9%
The thing is, it helps when people stand up to them, it gives everyone hope. I used to notice that when you did it, Harry.
Neville Longbottom
65.9%
I shudder to think what the state of my in-
tray would be if I was away from work for five days.
Percy Weasley
64.4%
Dumbledore's man through and through, aren't you Potter?
Rufus Scrimgeour
63.7%
A lot of wizards think it's a waste of time, knowing this sort of Muggle trick, but we feel they're skills worth learning, even if they are a bit slow.
Fred Weasley
56.3%
I was in the hospital wing when they held the trials. Ate a pound of doxy eggs for a bet.
Cormac McLaggen
49.6%
At times she was strange and dangerous. But mostly she was sweet and scared and harmless.
Aberforth Dumbledore
47.4%
When you have seen as much of life as I have, you will not underestimate the power of obsessive love.
Horace Slughorn
32.6%
Yes, alive. That is -
I don't know -
is a man alive if he can't be killed? I don't understand it, and Dumbledore won't explain properly.
Cornelius Fudge
30.4%
So Dumbledore says because he says! The point is, where's the proof?
Zacharias Smith
26.7%
Quiz Playlist
Details
Report
Send in Message
Add To Playlist
More Info:
Some characters may appear more than once
Classic:
Type in answers that appear in a list
Forced Order:
Answers have to be entered in order
Last Updated: Feb 16, 2017
Quiz Scoreboard
CHALLENGE
Sign Up to Join the Scoreboard
Show All
Scores
Hide
Comments
May contain spoilers
Recently Published
9x9 Crossword: Cartoon Network
by jackfrog10
Miscellaneous
3m
College Basketball Coaching Resumes
by pancakes188
Sports
9m
Billboard Blitz: Fleetwood Mac
by CooCooCachoo
Music
15s
More to Explore
Quiz From the Vault
Featured Blog Post
Where Did the Easter Bunny Come From?
hide this ad
You Might Also Like...
Tags
Book Quiz
Harry Potter Quiz
Quote Quiz
Today's Top Quizzes in Literature
Browse Literature
hide this ad
Today's Top Quizzes in Book
Browse Book
Top Contributed Quizzes in Literature
1
Sneaky Slytherin Logic Puzzle
2
Get The Picture: Black or White Literature
3
5-to-1: Plays
4
A Court of Thorns and Roses (ACoTaR) Logic Puzzle
5
One Thing in Common: Literature
6
One Thing in Common: Literature II
7
One Thing in Common: Literature 3
8
One Thing in Common: Books
9
Literary Siblings Odd One Out III
10
Harry Potter Neighbourly Logic Puzzle #1
Explore More
Trending Topics
Marvel
Disney
Harry Potter
Kpop
Crossword
NBA
Anime
WWE
The Office
NFL
Song
Pokémon
Soccer
Puzzle
Country
hide this ad
More By:
jbouvier
Quiz
Plays
Rating
Category
Featured
Created
You Won't Know This Harry Potter
163
2.00
Literature
Apr 13, 2016
Harry Potter Book Quotes II
135
3.25
Literature
May 6, 2016
Harry Potter Book Quotes
125
3.50
Literature
Apr 29, 2016
Go to Creator's Profile
Score Distribution
Quiz Creator Spotlight
jbouvier
Follow
Send a Message
Quizzes Created
-
Created Quiz Play Count
-
More By This Creator
Popular Quizzes Today
1
Find the US States - No Outlines Minefield
2
Find the Countries of Europe - No Outlines Minefield
3
The Countries of the World
4
Find the US States
5
Risky Map Clicking: Biggest States A-Z
6
US States
7
Popular People in 1961
8
Movies - When Are They Set?
More Literature Quizzes
Blurry Books
Editor's Pick
Trending Quizzes
Risky Map Clicking: Least Populous States A-Z
1-10 Letter G Words
Risky Map Clicking: Next State Alphabetically
Adjectives in 80s TV Shows
The Seven Year Switch: Catherine
Recently Updated
Leaping Animals
pecheneg
Reality TV Shows (A-Z)
bhenderson79
Rickey Henderson's Hall of Fame Teammates
pecheneg
Champions League XIs: Arsenal
pecheneg
Quick Pick: Celebrities in WWE's Hall of Fame
aduchscher
A-Z Keypad Blitz II
pecheneg
Multiple Oscar Actors
pecheneg
Mystery Phrase Blitz: Oscar 'Best Actors'
pecheneg
F. Scott Fitzgerald Novels
LTH
Pick 3 Villains
ddd62291
Trending Topics
Marvel
Crossword
Kpop
Anime
Harry Potter
Disney
NBA
Soccer
The Office
Country
WWE
NFL
Song
Pokémon
Puzzle
Your Account Isn't Verified!
In order to create a playlist on Sporcle, you need to verify the email address you used during registration. Go to your
Sporcle Settings
to finish the process.
Report this User
Report this user for behavior that violates our
Community Guidelines
.
Details:
Send Report
Go to the Sporcle.com Mobile Site →
Comments